Obras completas / (Record no. 10345)
[ view plain ]
| 000 -LEADER | |
|---|---|
| campo de control de longitud fija | 01208nam a2200217 i 4500 |
| 001 - NÚMERO DE CONTROL | |
| campo de control | 10345 |
| 003 - IDENTIFICADOR DE NÚMERO DE CONTROL | |
| campo de control | ES-MaACL |
| 005 - FECHA Y HORA DE LA ÚLTIMA TRANSACCIÓN | |
| campo de control | 20250819173449.0 |
| 007 - CAMPO FIJO DE DESCRIPCIÓN FÍSICA--INFORMACIÓN GENERAL | |
| campo de control de longitud fija | t| |
| 008 - DATOS DE LONGITUD FIJA--INFORMACIÓN GENERAL | |
| campo de control de longitud fija | 950511m19721993sp af ||||1| spa d |
| 020 ## - NÚMERO INTERNACIONAL ESTÁNDAR DEL LIBRO | |
| Número Internacional Estándar del Libro | 84-249-3452-0 |
| 080 ## - NÚMERO DE LA CLASIFICACIÓN DECIMAL UNIVERSAL | |
| Número de la Clasificación Decimal Universal | 821.134.2-82"19" |
| 100 1# - ENTRADA PRINCIPAL--NOMBRE DE PERSONA | |
| Nombre de persona | Alonso, Dámaso, |
| Fechas asociadas al nombre | 1898-1990 |
| 9 (RLIN) | 20195 |
| 245 10 - MENCIÓN DEL TÍTULO | |
| Título | Obras completas / |
| Mención de responsabilidad, etc. | Dámaso Alonso. |
| 260 ## - PUBLICACIÓN, DISTRIBUCIÓN, ETC. | |
| Lugar de publicación, distribución, etc. | Madrid : |
| Nombre del editor, distribuidor, etc. | Gredos, |
| Fecha de publicación, distribución, etc. | 1972-1993. |
| 300 ## - DESCRIPCIÓN FÍSICA | |
| Extensión | 10 v. : |
| Otras características físicas | lám. col. ; |
| Dimensiones | 25 cm. |
| 505 8# - NOTA DE CONTENIDO CON FORMATO | |
| Nota de contenido con formato | I. Estudios lingüísticos peninsulares. -- 1972-- II. Estudios y ensayos sobre literatura. Primera parte : desde los orígenes románicos hasta finales del siglo XVI.-- 1973-- III. Estudios y ensayos sobre literatura. Segunda parte : finales del siglo XVI, y siglo XVII.-- 1974-- IV. Estudios y ensayos sobre literatura. Tercera parte : ensayos sobre literatura contemporanea.-- 1975-- V. VI. VII. Góngora y el gongorismo. -- 1978-1985-- VIII. Comentarios de textos.-- 1985-- IX. "Poesía española" y otros estudios.-- 1989-- X. Verso y prosa literaria / edición preparada por Valentín García Yebra.-- 1993 |
| 700 1# - ENTRADA AGREGADA--NOMBRE PERSONAL | |
| Nombre de persona | García Yebra, Valentín, |
| Fechas asociadas al nombre | 1917-2010 |
| 9 (RLIN) | 55453 |
| 852 ## - LOCALIZACIÓN | |
| Ubicación | ES-MaACL |
| Número de control de estantería | L-17848-57 |
| Estatus retirado | Estado de pérdida | Estado de daño | No para préstamo | Biblioteca de origen | Biblioteca actual | Ubicación en estantería | Fecha de adquisición | Fuente de adquisición | Total de préstamos | Signatura topográfica completa | Código de barras | Visto por última vez | Precio de reemplazo | Tipo de ítem Koha |
|---|---|---|---|---|---|---|---|---|---|---|---|---|---|---|
| Biblioteca del Ateneo de Madrid | Biblioteca del Ateneo de Madrid | Depósito 2 | 17/01/2008 | L-17848-57 | 1010555 | 23/02/2023 | 23/02/2023 | Libro impreso |
